Sheliaḥ tsibur ba-halakhah. (Record no. 31381)
[ view plain ]
| 000 -LEADER | |
|---|---|
| fixed length control field | 00833cam a22002531 4500 |
| 001 - CONTROL NUMBER | |
| control field | he 65001470 |
| 003 - CONTROL NUMBER IDENTIFIER | |
| control field | DLC |
| 005 - DATE AND TIME OF LATEST TRANSACTION | |
| control field | 20260227111434.0 |
| 008 - FIXED-LENGTH DATA ELEMENTS--GENERAL INFORMATION | |
| fixed length control field | 840406s1965 nyu 000 0 heb |
| 010 ## - LIBRARY OF CONGRESS CONTROL NUMBER | |
| LC control number | he 65001470 |
| 035 ## - SYSTEM CONTROL NUMBER | |
| System control number | (OCoLC)19158825 |
| 040 ## - CATALOGING SOURCE | |
| Original cataloging agency | DLC |
| Transcribing agency | MH |
| Modifying agency | DLC |
| 042 ## - AUTHENTICATION CODE | |
| Authentication code | premarc |
| 050 00 - LIBRARY OF CONGRESS CALL NUMBER | |
| Classification number | BM658.2 |
| Item number | .G7 |
| 100 1# - MAIN ENTRY--PERSONAL NAME | |
| Personal name | Orenstein, Walter. |
| 245 10 - TITLE STATEMENT | |
| Title | Sheliaḥ tsibur ba-halakhah. |
| 260 ## - PUBLICATION, DISTRIBUTION, ETC. | |
| Place of publication, distribution, etc. | New York : |
| Name of publisher, distributor, etc. | Histadrut ha-ḥazanim de-Ameriḳah, Yeshivah Universiṭah, |
| Date of publication, distribution, etc. | 725 [1965] |
| 300 ## - PHYSICAL DESCRIPTION | |
| Extent | 167 p. ; |
| Dimensions | 24 cm. |
| 500 ## - GENERAL NOTE | |
| General note | Added t.p.: The cantor's manual of halakhah. |
| 500 ## - GENERAL NOTE | |
| General note | Hebrew and English; "Liḳuṭim (p. [111]-167) in Hebrew only. |
| 650 #0 - SUBJECT ADDED ENTRY--TOPICAL TERM | |
| Topical term or geographic name entry element | Cantors (Judaism) |
| Form subdivision | Handbooks, manuals, etc. |
| 740 0# - ADDED ENTRY--UNCONTROLLED RELATED/ANALYTICAL TITLE | |
| Uncontrolled related/analytical title | Cantor's manual of halakhah. |
| 752 ## - ADDED ENTRY--HIERARCHICAL PLACE NAME | |
| Country or larger entity | United States |
| First-order political jurisdiction | New York |
| City | New York |
No items available.